Laxton`s building price book 1984 (Record no. 97890)

MARC details
000 -LEADER
fixed length control field 00478cam a2200193 4500
001 - CONTROL NUMBER
control field D6581
008 - FIXED-LENGTH DATA ELEMENTS--GENERAL INFORMATION
fixed length control field 090401t1983 xxu||||| |||| 00| 0 eng d
035 ## - SYSTEM CONTROL NUMBER
System control number (Sirsi) u94065
041 ## - LANGUAGE CODE
Language code of text/sound track or separate title eng
050 ## - LIBRARY OF CONGRESS CALL NUMBER
Classification number 692.5
100 ## - MAIN ENTRY--PERSONAL NAME
Personal name Wheatley, N.R.
245 ## - TITLE STATEMENT
Title Laxton`s building price book 1984
250 ## - EDITION STATEMENT
Edition statement 156th
260 ## - PUBLICATION, DISTRIBUTION, ETC.
Place of publication, distribution, etc. East Grinstead, W Sussex
Name of publisher, distributor, etc. Thomas Skinner Directories
Date of publication, distribution, etc. 1983
300 ## - PHYSICAL DESCRIPTION
Extent xxxii. 831p. 22cm
350 ## - PRICE (NR) (BK AM CF MU VM SE) [OBSOLETE]
Price 24.95
942 ## - ADDED ENTRY ELEMENTS (KOHA)
Suppress in OPAC 0
948 ## - LOCAL PROCESSING INFORMATION (OCLC); SERIES PART DESIGNATOR (RLIN)
c (OCLC) 04/03/1997
Holdings
Withdrawn status Lost status Source of classification or shelving scheme Damaged status Not for loan Home library Current library Shelving location Date acquired Total Checkouts Full call number Barcode Date last seen Copy number Price effective from Koha item type
    Other/Generic Classification Scheme     London London Basement 19/03/2001   BASEMENT 94065-1001 06/08/2019 1 06/08/2019 Reference material